书目信息 |
| 题名: |
副业生产手册
|
|
| 作者: | 《副业生产手册》写组编 | |
| 分册: | ||
| 出版信息: | 上海 上海科学技术出版社 1981 |
|
| 页数: | 552页 | |
| 开本: | 19cm | |
| 丛书名: | ||
| 单 册: | ||
| 中图分类: | S39-62 | |
| 科图分类: | ||
| 主题词: | 农村-副业--手册 , 副业-农村--手册 | |
| 电子资源: | ||
| ISBN: | ||
| 000 | 00632nam0 2200241 45 | |
| 001 | 0181000828 | |
| 005 | 20040521091925.9 | |
| 010 | @dCNY1.40 | |
| 091 | @a16119.724 | |
| 100 | @a19950321d1981 em y0chiy0121 ea | |
| 101 | 0 | @achi |
| 102 | @aCN@b310000 | |
| 105 | @ay z 000yy | |
| 106 | @ar | |
| 200 | 10 | @a副业生产手册@Afu ye sheng chan shou ce@f《副业生产手册》写组编 |
| 210 | @a上海@c上海科学技术出版社@d1981 | |
| 215 | @a552页@d19cm | |
| 606 | @a农村-副业@x手册 | |
| 606 | @a副业-农村@x手册 | |
| 690 | @aS39-62@v3 | |
| 801 | 0 | @aCN@b上海图书馆@c20040521 |
| 801 | 2 | @aCN@bNLC@c20040521 |
| 905 | @f1@b204912@dS39-62@e4 | |
| 副业生产手册/《副业生产手册》写组编.-上海:上海科学技术出版社,1981 |
| 552页;19cm |
| ISBN :CNY1.40 |
| ● |
| 相关链接 |
|
|
|
|
正题名:副业生产手册
索取号:S39-62/4
 
预约/预借
| 序号 | 登录号 | 条形码 | 馆藏地/架位号 | 状态 | 备注 |
| 1 | 0140324 | 000717228 | 第二样本阅览室/ [索取号:S39-62/4] | 在馆 | |
| 2 | 0204912 | 000717219 | 密集书库/ [索取号:S39-62/4] | 在馆 |